000 00391pam a2200157a 44500
008 230515b1991 xxu||||| |||| 00| 0 eng d
020 _aNULL
041 _aENGL
082 _a300.72 SING.
100 _a"SING, JASPAL"
245 _aINTRODUCATION TO METHODS OF SOCIAL RESEARCH.
250 _a1
260 _aNEW DELHI
_bSTERLING PUBLISHERS P LTD
_c1991
300 _a109
650 _aN.D.
999 _c539994
_d539994